Internacionalizácia čínskeho jüanu a jej vplyv na zahranično-ekonomické priority EÚ (SR) diplomová práca

Guardado en:
Detalles Bibliográficos
Autor principal: Pappová, Dominika
Autor Corporativo: Obchodná fakulta EU. Katedra medzinárodného obchodu
Otros Autores: Baláž, Peter
Formato: Libro
Lenguaje:eslovaco
Publicado: Bratislava 2017
Etiquetas: Agregar Etiqueta
Sin Etiquetas, Sea el primero en etiquetar este registro!

MARC

LEADER 00000nbm a2200000 4500
001 0230686
005 20170927112524.0
041 0 |a slo 
044 |a SK 
245 1 0 |a Internacionalizácia čínskeho jüanu a jej vplyv na zahranično-ekonomické priority EÚ (SR)  |b diplomová práca  |c Dominika Pappová ; školiteľ: Peter Baláž 
264 1 |a Bratislava  |c 2017 
300 |a 81 s. 
100 1 |a Pappová, Dominika 
700 1 |a Baláž, Peter 
710 2 |a Obchodná fakulta EU. Katedra medzinárodného obchodu